| 000 | 01020cam a2200325 i 4500 | ||
|---|---|---|---|
| 999 |
_c200446540 _d64752 |
||
| 003 | TR-AnTOB | ||
| 005 | 20220117143830.0 | ||
| 007 | ta | ||
| 008 | 150223s2015 tu 000 0 tur u | ||
| 020 | _a9786054771899 | ||
| 040 |
_aTR-AnTOB _beng _erda _cTR-AnTOB |
||
| 041 | 0 | _atur | |
| 050 | 0 | 0 |
_aBF175.5.L68 _bG373 2015 |
| 090 |
_aBF175.5.L68 _bG373 2015 |
||
| 100 | 1 |
_aGardiyanoğlu, Bülent _eauthor _9135070 |
|
| 245 | 1 | 0 |
_a2 tam bir tek / _cBülent Gadiyanoğlu. |
| 246 | 3 | 1 | _aİki tam bir tek. |
| 250 | _a15-17. baskı Ağustos 2015 | ||
| 264 | 1 |
_aİstanbul : _bDestek Yayınları, _c2015. |
|
| 300 |
_a286, [14] pages ; _c23 cm |
||
| 336 |
_2rdacontent _atext _btxt |
||
| 337 |
_2rdamedia _aunmediated _bn |
||
| 338 |
_2rdacarrier _avolume _bnc |
||
| 490 | 0 |
_aDestek Yayınları ; _v389 _aKişisel Gelişim ; _v32 |
|
| 650 | 7 |
_aÖzyapabilirlik (Psikoloji) _2etuturkob _977245 |
|
| 650 | 7 |
_aBaşarı _2etuturkob _912938 |
|
| 653 | _aAşk--Psikolojik Yönler | ||
| 942 |
_2lcc _cBK |
||